Word Ladder: Miloš Forman Movie Quiz Stats

 Plays Quiz Updated Apr 23, 2018

Challenge
Share
Tweet
Embed
Score 0/39 Timer 04:00
0 Plays Today
Hint 4-Letter Word % Correct
12 inchesFOOT
98%
Traveled by airplane•FLEW•
97.4%
Without company; solitary•(L)ONE•
96.3%
To give food to; provide nourishmentFEED
96.3%
A golfer's warningFORE
96.3%
Military installationFORT
96%
Escaped; ran awayFLED
95.5%
Trick; deceiveFOOL
95.4%
Common adhesiveGLUE
94.7%
Antlered animal related to the elkDEER
94.6%
Green minus yellowBLUE
93.9%
Traditional knowledgeLORE
93.8%
One who prepares meals•COOK•
93.6%
An act; something that is doneDEED
92.9%
Newborn horseFOAL
92.6%
A chamber in a stove for baking OVEN
92.4%
A bird's home•NEST•
92.2%
Above•OVER•
92.1%
Stefani of No DoubtGWEN
91.2%
Fill a glassPOUR
90.8%
Hint 4-Letter Word % Correct
Giddiness or happy feelingsGLEE
90.4%
A slender valleyGLEN
89.7%
Like a citrus fruitSOUR
88.8%
Fault; defectFLAW
88.8%
One who colors fabricDYER
88.1%
DestitutePOOR
87.2%
The sounds doves make•COOS•
86.4%
TV show set after an airplane crashLOST
86.4%
For fear thatLEST
86.3%
Former Liverpool striker MichaelOWEN
85.8%
Bubbles on a liquid surfaceFOAM
83.7%
Legal partner of terminerOYER
81.8%
Deception or trickFLAM
77.1%
'Song 2' bandBLUR
70.4%
Impolite epithetSLUR
68.8%
Detriment; disadvantageLOSS
66.9%
Anita the famous screenwriterLOOS
66%
'Othello, the ___ of Venice'MOOR
59.4%
An incompetent personMOOK
57.6%

Today's Daily Dose

Quick Pick
The Muppets

On This Day
December 19th II

You're not logged in!

Compare scores with friends on all Sporcle quizzes.
OR
Log In

You Might Also Like...

Show Comments

Extras

Top Quizzes Today


Score Distribution

Your Account Isn't Verified!

In order to create a playlist on Sporcle, you need to verify the email address you used during registration. Go to your Sporcle Settings to finish the process.

Report this User

Report this user for behavior that violates our Community Guidelines.

Details: